Watershed, the campaign for the presidency, 1980 /

Bibliographic Details
Main Author: Stacks, John F.
Format: Book
Language:English
Published: New York, N.Y. : Times Books, [1981]
Subjects:

MARC

Tag First Indicator Second Indicator Subfields
LEADER 00000pam a2200000 a 4500
001 in00000092108
005 20151008064152.0
008 810720s1981 nyu 00110 eng
010 |a  81050093  
020 |a 081291001X 
035 |a (OCoLC)07671421 
035 |9 AAK3664AM 
039 0 |a 2  |b 3  |c 3  |d 3  |e 3 
040 |a DLC  |c DLC  |d TXA  |d UtOrBLW 
043 |a n-us--- 
049 |a TXAM  |c [951946] 
050 0 0 |a E875  |b .S73 1981 
082 0 |a 324.973/0926  |2 19 
100 1 |a Stacks, John F. 
245 1 0 |a Watershed, the campaign for the presidency, 1980 /  |c John F. Stacks. 
264 1 |a New York, N.Y. :  |b Times Books,  |c [1981] 
264 4 |c ©1981 
300 |a xiv, 274 pages ;  |c 25 cm. 
336 |a text  |b txt  |2 rdacontent 
337 |a unmediated  |b n  |2 rdamedia 
338 |a volume  |b nc  |2 rdacarrier 
500 |a Includes index. 
650 0 |a Presidents  |z United States  |x Election  |y 1980. 
651 0 |a United States  |x Politics and government  |y 1977-1981. 
999 |a MARS 
999 f f |s 3f2d252b-dea6-34a7-808a-bacc44400116  |i febb1d49-f39f-39c0-9265-85693c6732a9  |t 0 
952 f f |p ric  |a Texas A&M University  |b Rellis Campus  |c Joint Library Facility  |d Remote Storage  |t 0  |e E875 .S73 1981  |h Library of Congress classification  |i unmediated -- volume  |m A14806108748 
998 f f |a E875 .S73 1981  |t 0  |l Remote Storage